Plan de mantenimiento predictivo, preventivo y correctivo para la red eléctrica subterránea
Shranjeno v:
| Glavni avtor: | |
|---|---|
| Format: | Knjiga |
| Izdano: |
San José, C.R.
1998
|
| Teme: | |
| Oznake: |
Označite
Brez oznak, prvi označite!
|
MARC
| LEADER | 00000nam a2200000Ia 4500 | ||
|---|---|---|---|
| 003 | 009883 | ||
| 005 | 20221231144219.0 | ||
| 008 | 140114s1998 cr a m 000 ||s d | ||
| 040 | |c cru CEDI | ||
| 090 | |a TFG 3965 | ||
| 100 | |a Alvarado Alfaro, Luis Esteban |9 8803 | ||
| 245 | |a Plan de mantenimiento predictivo, preventivo y correctivo para la red eléctrica subterránea | ||
| 260 | |c 1998 |a San José, C.R. | ||
| 300 | |a xii, 83 hojas : ilustraciones + 3 mapas plegables | ||
| 500 | |a Proyecto de graduación (bachillerato en ingeniería eléctrica)--Universidad de Costa Rica. Facultad de Ingeniería. Escuela de Ingeniería Electrica | ||
| 650 | |x COMPAÑIA NACIONAL DE FUERZA Y LUZ (COSTA RICA) |x ELECTRIFICACION - COSTA RICA |x DISTRIBUCION DE ENERGIA ELECTRICA |9 8804 | ||
| 942 | |c TFG | ||
| 999 | |c 18544 |d 18544 | ||
